Флагове на държавите от бивша Югославия - Внезапна смърт - Statistics

General Stats
  • This quiz has been taken 14 times
  • The average score is 5 of 7
Answers on the Grid
Answers color-coded by a green-red scale on the quiz's grid according to % correct below.
 
Answer Stats
Answer % Correct
86%
71%
71%
71%
57%
57%
57%
No matching quizzes found
Score Distribution
Percent of People with Each Score
Percentile by Number Answered
Your Score History
You have not taken this quiz